ARRUPE JESUIT UNIVERSITY

CORONAVIRUS -STOP THE SPREAD - CLEAN,DISINFECT,COVER

Let me go to the Father's house : (Record no. 125119)

MARC details
000 -LEADER
fixed length control field 01308cam a22003014a 4500
001 - CONTROL NUMBER
control field 14420786
003 - CONTROL NUMBER IDENTIFIER
control field ARRUPE
005 - DATE AND TIME OF LATEST TRANSACTION
control field 20160909111031.0
008 - FIXED-LENGTH DATA ELEMENTS--GENERAL INFORMATION
fixed length control field 060620s2006 mau 000 0beng
010 ## - LIBRARY OF CONGRESS CONTROL NUMBER
LC control number 2006019989
020 ## - INTERNATIONAL STANDARD BOOK NUMBER
International Standard Book Number 0819845221 (pbk.)
040 ## - CATALOGING SOURCE
Original cataloging agency DLC
Transcribing agency DLC
Modifying agency DLC
041 1# - LANGUAGE CODE
Language code of text/sound track or separate title eng
Language code of original and/or intermediate translations of text ita
050 00 - LIBRARY OF CONGRESS CALL NUMBER
Classification number BX1378.5
Item number .D9613 2006
082 00 - DEWEY DECIMAL CLASSIFICATION NUMBER
Classification number 282.092
Edition number 22
300 ## - PHYSICAL DESCRIPTION
Dimensions 21 cm.
100 1# - MAIN ENTRY--PERSONAL NAME
Personal name Dziwisz, Stanisław.
9 (RLIN) 25406
240 10 - UNIFORM TITLE
Uniform title <a href="Lasciatemi andare : la forza nella debolezza.">Lasciatemi andare : la forza nella debolezza.</a>
Language of a work English
245 10 - TITLE STATEMENT
Title Let me go to the Father's house :
Remainder of title John Paul II's strength in weakness /
Statement of responsibility, etc Stanislaw Dziwisz and Czeslaw Drazek ; Renato Buzzonetti, Angelo Comastri.
250 ## - EDITION STATEMENT
Edition statement 1st English ed.
260 ## - PUBLICATION, DISTRIBUTION, ETC. (IMPRINT)
Place of publication, distribution, etc Boston, MA :
Name of publisher, distributor, etc Pauline Books & Media,
Date of publication, distribution, etc 2006.
300 ## - PHYSICAL DESCRIPTION
Extent ix, 115 p. ;
505 0# - FORMATTED CONTENTS NOTE
Formatted contents note Strength in weakness -- The pope of the sick and the suffering -- At the shrine of pain and hope -- Toward the Father's house.
600 00 - SUBJECT ADDED ENTRY--PERSONAL NAME
Personal name John Paul
Numeration II,
Titles and other words associated with a name Pope,
Dates associated with a name 1920-2005.
9 (RLIN) 1322
650 #0 - SUBJECT ADDED ENTRY--TOPICAL TERM
Topical term or geographic name as entry element Suffering
General subdivision Religious aspects
-- Christianity.
9 (RLIN) 25407
906 ## - LOCAL DATA ELEMENT F, LDF (RLIN)
a 7
b cbc
c orignew
d 1
e ecip
f 20
g y-gencatlg
942 ## - ADDED ENTRY ELEMENTS (KOHA)
Source of classification or shelving scheme Library of Congress Classification
Koha item type Monograph ( Printed materials)
Holdings
Withdrawn status Lost status Source of classification or shelving scheme Damaged status Not for loan Collection code Home library Current library Shelving location Date acquired Total Checkouts Full call number Barcode Date last seen Price effective from Koha item type
    Library of Congress Classification     Main Collection ARRUPE LIBRARY ARRUPE LIBRARY Main Collection 24/08/2016   BX1378.5 .D9613 2006 46500010250 22/11/2017 24/08/2016 Monograph ( Printed materials)

 

Arrupe Library. PO Box MP320 Mt Pleasant, Harare, Zimbabwe
263 242 745411|librarian@aju.ac.zw